=LDR 00000nam 2200000 4500 =001 000394 =005 20250710032001 =035 ##$$a 0010-0725000256 =007 ta =008 250710################a##########0#ind## =020 ##$$a 978-623-307-643-2 =082 ##$$a 398-209 598 =084 ##$$a 398-209 598 CHE n =100 #$$a Cheh, Komar Rien Komar =245 1#$$a Nani dan Bona /$c Komar Rien Komar Cheh =250 ##$$a Cetakan Pertama =260 ##$$a Jakarta Timur :$b Badan Pengembangan dan Pembinaan Bahasa,$c 2024 =300 ##$$a 12 hlm. : $b ilus. ; $c 22,9 cm =650 #4$$a Cerita Anak Indonesia-Terjemahan =650 #4$$a Literasi-Bahan Bacaan =856 ##$$a TBM As Suhada =990 ##$$a TBM01200120